000 00780nam a22002293a 4500
001 27685
003 BD-RjUL
005 20211209051204.0
008 140327s1965 enkab 001 0 eng d
035 _a(BD-RjUL)27764
040 _aEQO
_cEQO
_beng
_dBD-RjUL
041 _aeng
082 _a942
_bCHB V-3 1965
100 1 _aChurchill, Winston,
_d1874-1965.
_951096
245 1 4 _aThe Blenheim edition of A history of the English-speaking peoples /
_cwith an intr. and bibliogr. by R.W. Ellis
_n3.
_pThe End of the Feudal Age (1377-1485).
260 _aLondon :
_bCassel & co. Ltd.,
_cc1965.
300 _ax, 119 p. :
_bill. ;
_c20 cm.
504 _aIncludes bibliographies and index.
651 0 _aGreat Britain
_xHistory.
_985023
700 1 _aEllis, R. W.
_985024
942 _2ddc
_cBK
999 _c27685
_d27685